<?xml version="1.0" encoding="UTF-8"?>
<record
    xmlns:xsi="http://www.w3.org/2001/XMLSchema-instance"
    xsi:schemaLocation="http://www.loc.gov/MARC21/slim http://www.loc.gov/standards/marcxml/schema/MARC21slim.xsd"
    xmlns="http://www.loc.gov/MARC21/slim">

  <leader>02001cam a22002895a 4500</leader>
  <controlfield tag="001">17839348</controlfield>
  <controlfield tag="005">20150820141831.0</controlfield>
  <controlfield tag="008">130731t2014    flua   frb    001 0 eng d</controlfield>
  <datafield tag="020" ind1=" " ind2=" ">
    <subfield code="a">9781444175950</subfield>
  </datafield>
  <datafield tag="040" ind1=" " ind2=" ">
    <subfield code="a">DNLM/DLC</subfield>
    <subfield code="c">DLC</subfield>
    <subfield code="b">eng</subfield>
    <subfield code="d">EG-ScBUE</subfield>
  </datafield>
  <datafield tag="050" ind1="0" ind2="0">
    <subfield code="a">RT62</subfield>
  </datafield>
  <datafield tag="082" ind1="0" ind2="4">
    <subfield code="a">610.730693</subfield>
    <subfield code="2">22</subfield>
    <subfield code="b">DEV</subfield>
  </datafield>
  <datafield tag="245" ind1="0" ind2="0">
    <subfield code="a">Developing practical nursing skills /</subfield>
    <subfield code="c">edited by Lesley Baillie.</subfield>
  </datafield>
  <datafield tag="250" ind1=" " ind2=" ">
    <subfield code="a">4th ed.</subfield>
  </datafield>
  <datafield tag="260" ind1=" " ind2=" ">
    <subfield code="a">Boca Raton :</subfield>
    <subfield code="b">CRC Press / Taylor &amp; Francis Group,</subfield>
    <subfield code="c">c.2014.</subfield>
  </datafield>
  <datafield tag="300" ind1=" " ind2=" ">
    <subfield code="a">xx, 622 p. :</subfield>
    <subfield code="c">ill. ;</subfield>
    <subfield code="b">26 cm.</subfield>
  </datafield>
  <datafield tag="500" ind1=" " ind2=" ">
    <subfield code="a">Index : p. 611-622.</subfield>
  </datafield>
  <datafield tag="504" ind1=" " ind2=" ">
    <subfield code="a">Includes bibliographical references.</subfield>
  </datafield>
  <datafield tag="520" ind1=" " ind2=" ">
    <subfield code="a">"Developing Practical Nursing Skills, Fourth Edition, will help you to learn and perfect the practical skills required to become a qualified nurse. Patient-focussed and adopting a caring approach, this essential text will also help you to integrate nursing values alongside physical skills in your daily practice. Key features include: Full colour text design with clear illustrations and clinical photographs to aid visual learning, Evidence-based and clearly mapped to key guidelines to ensure best practice, Reader-friendly style with learning outcomes, activities and reflection points to help you link theory to practice, Scenarios from a range of settings, including community, mental health and learning disabilities nursing,  A focus on adults and young people, and with "pointers" on caring for children to promote a lifespan approach, Free companion website providing image library, videos of key skills, and MCQs as well as additional resources for lecturers to download. This is a complete clinical skills resource for all pre-registration nursing students"--Provided by publisher.</subfield>
  </datafield>
  <datafield tag="650" ind1=" " ind2="7">
    <subfield code="a">Nursing Care</subfield>
    <subfield code="x">Methods.</subfield>
    <subfield code="2">BUEsh</subfield>
    <subfield code="9">28926</subfield>
  </datafield>
  <datafield tag="650" ind1=" " ind2="7">
    <subfield code="a">Practical nursing.</subfield>
    <subfield code="2">BUEsh</subfield>
    <subfield code="9">22970</subfield>
  </datafield>
  <datafield tag="651" ind1=" " ind2=" ">
    <subfield code="2">BUEsh</subfield>
  </datafield>
  <datafield tag="653" ind1=" " ind2=" ">
    <subfield code="b">NNUR</subfield>
    <subfield code="c">June2015</subfield>
    <subfield code="c">August2015</subfield>
  </datafield>
  <datafield tag="655" ind1=" " ind2=" ">
    <subfield code="v">reading book</subfield>
    <subfield code="9">34232</subfield>
  </datafield>
  <datafield tag="700" ind1="1" ind2=" ">
    <subfield code="a">Baillie, Lesley,</subfield>
    <subfield code="e">editor of compilation.</subfield>
    <subfield code="9">37642</subfield>
  </datafield>
  <datafield tag="942" ind1=" " ind2=" ">
    <subfield code="2">ddc</subfield>
  </datafield>
  <datafield tag="999" ind1=" " ind2=" ">
    <subfield code="c">19844</subfield>
    <subfield code="d">19816</subfield>
  </datafield>
  <datafield tag="952" ind1=" " ind2=" ">
    <subfield code="0">0</subfield>
    <subfield code="1">0</subfield>
    <subfield code="2">ddc</subfield>
    <subfield code="4">0</subfield>
    <subfield code="7">0</subfield>
    <subfield code="8">Alahram</subfield>
    <subfield code="a">MAIN</subfield>
    <subfield code="b">MAIN</subfield>
    <subfield code="c">1ST</subfield>
    <subfield code="d">2015-06-23</subfield>
    <subfield code="e">purchase</subfield>
    <subfield code="g">348.00</subfield>
    <subfield code="h">325</subfield>
    <subfield code="l">3</subfield>
    <subfield code="m">38</subfield>
    <subfield code="o">610.730693 DEV</subfield>
    <subfield code="p">000038931</subfield>
    <subfield code="r">2025-07-15 00:00:00</subfield>
    <subfield code="s">2021-11-22</subfield>
    <subfield code="v">435.00</subfield>
    <subfield code="y">BB</subfield>
  </datafield>
</record>
